| 000 | 00784nam a22002297a 4500 | ||
|---|---|---|---|
| 003 | OSt | ||
| 005 | 20250612154016.0 | ||
| 008 | 250612b |||a|||| |||| 00| 0 spa d | ||
| 020 | _a9789588424620 | ||
| 037 | _bDonación | ||
| 040 |
_aCO-JMCR _bspa _cCO-JMCR _erda _dCO-JMCR |
||
| 041 | 0 | _aspa | |
| 082 | 0 | 4 |
_a323.2 _bA13l _223 |
| 100 | 1 |
_aAbella Soto, Ramiro. _944166 |
|
| 245 | 1 | 3 |
_aLa lengua de los camaleones : _bCrónicas de la revolución sandinista, narradas por un boyacense _cRamiro Abella Soto |
| 264 |
_aTunja : _bAcademia Boyacense de Historia, _c2022. |
||
| 300 |
_a318 páginas: _bilustraciones; _c24 cm. |
||
| 338 |
_avolumen _bnc [ _2rdacarrier] |
||
| 490 | 0 | _aColección Ruta del Bicentenario | |
| 700 | 1 |
_aBarrera Martínez, Carlos H. _eeditor _944167 |
|
| 942 |
_2ddc _cBK |
||
| 999 |
_c31007 _d17391 |
||